00601 2200217 4500001002100000005001500021035002000036007000300056008004100059020002200100082000800122084001500130100001700145245008500162260003900247300002300286650003200309700001800341990001200359990001200371INLIS00000000000199820180524022337 a0010-0518000068ta180524 g 0 ind  a978-602-7820-03-6 a297 a297 ALW k0 aALWI, Alatas1 aKalau Bisa Mudah, Mengapa Dibuat Susah? /cAlwi Alatas; penyunting, Irin Hidayat aYogyakarta :bPro-U Media,c[s.a] a296 hlm. ;c20 cm. aISLAM SEBAGAI PEDOMAN HIDUP0 aIRIN, Hidayat a16725 a a16725 b